[Event "6th Novi Sad it"]
[Site "Novi Sad"]
[Date "1977.10.08"]
[EventDate "1977.10.02"]
[Round "6.5"]
[White "Jovic, Ljubomir"]
[Black "Popovic, Petar"]
[Result "0-1"]
[WhiteElo "2325"]
[BlackElo "2385"]
[PlyCount "74"]
[Source "Perpetual Check"]

1. e4 g6 2. Nc3 Bg7 3. f4 c6 4. Nf3 d5 5. d4 dxe4 6. Nxe4 Nd7 7. Bc4 Ngf6 8.
Neg5 O-O 9. Ne5 Nd5 10. c3 Nxe5 11. fxe5 f6 12. exf6 exf6 13. Nf3 Re8+ 14. Kf2
Be6 15. Re1 Qd6 16. Bd2 Kh8 17. Bb3 a5 18. Kg1 Bg4 19. Bc4 Qd7 20. Bf1 Bf8 21.
Qc2 Bxf3 22. gxf3 Bd6 23. Re4 Qc7 24. Rh4 Ne3 25. Bxe3 Rxe3 26. Bg2 f5 27. Rf1
Rae8 28. c4 Be7 29. Rh3 Bf6 30. d5 cxd5 31. Qa4 dxc4 32. f4 Re1 33. Rxe1 Rxe1+
34. Kf2 Qe7 35. Qc2 Bd4+ 36. Kg3 Qe3+ 37. Bf3 Rg1+ 0-1

[Event "6th Novi Sad it"]
[Site "Novi Sad"]
[Date "1977.10.08"]
[EventDate "1977.10.02"]
[Round "6.6"]
[White "Deze, Anton"]
[Black "Bjelajac, Milan"]
[Result "1/2-1/2"]
[WhiteElo "2405"]
[BlackElo "2410"]
[PlyCount "28"]
[Source "Perpetual Check"]

1. d4 f5 2. g3 Nf6 3. Bg2 g6 4. c4 Bg7 5. Nc3 O-O 6. Nh3 d6 7. d5 Nbd7 8. O-O
Nc5 9. Nf4 e5 10. dxe6 c6 11. Be3 Nxe6 12. Qd2 Ng4 13. Nxe6 Bxe6 14. Bg5 Qc7
1/2-1/2

[Event "6th Novi Sad it"]
[Site "Novi Sad"]
[Date "1977.10.09"]
[EventDate "1977.10.02"]
[Round "7.1"]
[White "Bjelajac, Milan"]
[Black "Rajna, Gyorgy"]
[Result "1-0"]
[WhiteElo "2410"]
[BlackElo "2395"]
[PlyCount "121"]
[Source "Perpetual Check"]

1. e4 e5 2. Nf3 Nc6 3. Bb5 a6 4. Ba4 Nf6 5. d4 exd4 6. O-O Be7 7. Re1 O-O 8. e5
Ne8 9. Bf4 f6 10. Bxc6 dxc6 11. Qxd4 Qxd4 12. Nxd4 c5 13. Nb3 Bf5 14. Nc3 fxe5
15. Bxe5 Bd6 16. Bxd6 cxd6 17. Re2 Nf6 18. Rd1 Rad8 19. Red2 Rfe8 20. f3 b6 21.
Rxd6 Re1+ 22. Rxe1 Rxd6 23. Re2 Kf7 24. Kf2 g5 25. Nd2 b5 26. Nde4 Nxe4+ 27.
Nxe4 Bxe4 28. fxe4 Ke6 29. Ke3 Rd1 30. Rd2 Rc1 31. Rf2 Rb1 32. b3 Rg1 33. g3
Re1+ 34. Kd3 Rd1+ 35. Kc3 Rh1 36. Rf5 h6 37. Rxc5 Rxh2 38. Kd4 Rd2+ 39. Ke3 Rh2
40. a3 Kd6 41. b4 Rh1 42. a4 Re1+ 43. Kd4 Rd1+ 44. Kc3 bxa4 45. Ra5 g4 46.
Rxa6+ Ke5 47. Rxa4 Kxe4 48. b5+ Kf3 49. b6 Rd8 50. Kb4 Kxg3 51. c4 Kf2 52. Ra2+
Ke1 53. c5 g3 54. Rg2 Rg8 55. b7 h5 56. Rxg3 Rxg3 57. b8=Q Kf2 58. Qh8 Rg4+ 59.
Kb5 h4 60. c6 Kg2 61. c7 1-0

[Event "6th Novi Sad it"]
[Site "Novi Sad"]
[Date "1977.10.09"]
[EventDate "1977.10.02"]
[Round "7.2"]
[White "Popovic, Petar"]
[Black "Deze, Anton"]
[Result "1-0"]
[WhiteElo "2385"]
[BlackElo "2405"]
[PlyCount "117"]
[Source "Perpetual Check"]

1. e4 c5 2. Nf3 d6 3. Nc3 Nc6 4. g3 g6 5. Bg2 Bg7 6. O-O e6 7. a3 Nge7 8. Rb1
O-O 9. b4 b6 10. e5 dxe5 11. b5 Na5 12. Nxe5 Bb7 13. Bxb7 Nxb7 14. Re1 Qc7 15.
Nc4 Nf5 16. Ne4 h6 17. d3 Rae8 18. a4 e5 19. a5 Nbd6 20. Nexd6 Nxd6 21. Nxd6
Qxd6 22. Qf3 f5 23. axb6 axb6 24. Bb2 e4 25. dxe4 Bxb2 26. Qb3+ Kh7 27. Qxb2
fxe4 28. Rbd1 Qe6 29. Re3 Re7 30. Rde1 Qg4 31. Qc3 Rfe8 32. Qf6 Qe6 33. Qxe6
Rxe6 34. f3 Rd8 35. Kf2 Rd4 36. Rxe4 Rexe4 37. Rxe4 Rd1 38. Re7+ Kg8 39. Re6
Kf7 40. Rxb6 Rd2+ 41. Ke3 Rxc2 42. h4 h5 43. Kf4 c4 44. Kg5 Rb2 45. Rf6+ Ke7
46. Rc6 Rxb5+ 47. Kxg6 Rb3 48. Kxh5 Rxf3 49. Kg4 Rc3 50. h5 Kf7 51. Kf4 Rc1 52.
g4 c3 53. Kf5 c2 54. Rc7+ Ke8 55. Kg5 Kd8 56. Rc5 Ke7 57. h6 Ke6 58. h7 Rh1 59.
Kg6 1-0

[Event "6th Novi Sad it"]
[Site "Novi Sad"]
[Date "1977.10.09"]
[EventDate "1977.10.02"]
[Round "7.3"]
[White "Petran, Pal"]
[Black "Jovic, Ljubomir"]
[Result "1/2-1/2"]
[WhiteElo "2455"]
[BlackElo "2325"]
[PlyCount "89"]
[Source "Perpetual Check"]

1. d4 c5 2. d5 e5 3. e4 d6 4. c4 Be7 5. Nc3 Bg5 6. Bxg5 Qxg5 7. Nf3 Qf6 8. g3
Ne7 9. Bg2 a6 10. a3 Nd7 11. b4 O-O 12. O-O b6 13. Ne1 g5 14. Nd3 Qg7 15. bxc5
bxc5 16. Rb1 f5 17. exf5 Nxf5 18. Ne4 g4 19. Qd2 a5 20. f3 Nf6 21. Nxf6+ Rxf6
22. f4 exf4 23. Nxf4 Qh6 24. Qd3 Nd4 25. Ne6 Bxe6 26. dxe6 Re8 27. Rxf6 Qxf6
28. Rb7 Re7 29. Rxe7 Qxe7 30. Bd5 Kg7 31. Qe3 h5 32. Kg2 Nf5 33. Qf2 Qf6 34. h3
gxh3+ 35. Kxh3 Ne7 36. Qe3 Qf5+ 37. Kh2 Qc2+ 38. Bg2 Kf6 39. Qh6+ Qg6 40. Qf4+
Kxe6 41. Bh3+ Nf5 42. Qh4 Ke5 43. Qf4+ Ke6 44. Qh4 Ke5 45. Qf4+ 1/2-1/2

[Event "6th Novi Sad it"]
[Site "Novi Sad"]
[Date "1977.10.09"]
[EventDate "1977.10.02"]
[Round "7.4"]
[White "Hernandez Onna, Roman"]
[Black "Baretic, Dragoljub"]
[Result "1-0"]
[WhiteElo "2435"]
[BlackElo "2270"]
[PlyCount "51"]
[Source "Perpetual Check"]

1. c4 e5 2. Nc3 Nf6 3. g3 c6 4. Nf3 e4 5. Nd4 d5 6. cxd5 cxd5 7. d3 exd3 8.
Qxd3 Nc6 9. Bg2 Be7 10. O-O O-O 11. Be3 Ne5 12. Qc2 Nc6 13. Rad1 Be6 14. Nxe6
fxe6 15. Bh3 Kf7 16. Bg5 Qa5 17. a3 Rad8 18. Qb3 Qb6 19. Qa2 Qc5 20. e4 Nd4 21.
Be3 dxe4 22. Rxd4 Rxd4 23. Qxe6+ Ke8 24. Bxd4 Qxd4 25. Rd1 Qc5 26. Nb5 1-0

[Event "6th Novi Sad it"]
[Site "Novi Sad"]
[Date "1977.10.09"]
[EventDate "1977.10.02"]
[Round "7.6"]
[White "Rakic, Tomislav"]
[Black "Ilijic, Milan"]
[Result "1-0"]
[WhiteElo "2395"]
[BlackElo "2340"]
[PlyCount "73"]
[Source "Perpetual Check"]

1. d4 Nf6 2. Nf3 g6 3. Bg5 Bg7 4. Nc3 h6 5. Bxf6 Bxf6 6. e4 d6 7. e5 Bg7 8. Bc4
dxe5 9. Nxe5 e6 10. Qf3 O-O 11. Qe3 Nd7 12. f4 c5 13. O-O-O cxd4 14. Rxd4 Qb6
15. Re1 Nxe5 16. fxe5 Rd8 17. Rxd8+ Qxd8 18. Nb5 Bd7 19. Nd6 Qh4 20. g3 Qg4 21.
Qf2 Be8 22. h4 Qh5 23. Re4 Bxe5 24. g4 Bxb2+ 25. Kxb2 Qa5 26. Bb3 b5 27. h5
gxh5 28. gxh5 b4 29. Nc4 Qxh5 30. Qg2+ Kf8 31. Re5 Qh4 32. Qxa8 Qd4+ 33. Kc1
Qg1+ 34. Kd2 Qf2+ 35. Kd3 Qf1+ 36. Re2 Qf3+ 37. Qxf3 1-0

[Event "6th Novi Sad it"]
[Site "Novi Sad"]
[Date "1977.10.10"]
[EventDate "1977.10.02"]
[Round "8.1"]
[White "Rajna, Gyorgy"]
[Black "Ilijic, Milan"]
[Result "1-0"]
[WhiteElo "2395"]
[BlackElo "2340"]
[PlyCount "97"]
[Source "Perpetual Check"]

1. e4 d6 2. d4 Nf6 3. Nc3 g6 4. Nf3 Bg7 5. Be2 O-O 6. O-O a6 7. Re1 b5 8. e5
Nfd7 9. e6 fxe6 10. Ng5 Nb6 11. Bf3 Ra7 12. Nxe6 Bxe6 13. Rxe6 N8d7 14. Bg5 Rf7
15. a4 c5 16. a5 Nc4 17. Bd5 Nf8 18. Re4 cxd4 19. Bxf7+ Kxf7 20. Nd5 Ne6 21.
Qf3+ Bf6 22. Rxe6 Kxe6 23. Bxf6 exf6 24. Nb4 Ne5 25. Qd5+ Kd7 26. f4 Qa8 27.
Qxd4 Nc6 28. Nxc6 Kxc6 29. Qb6+ Kd7 30. Rd1 Ke7 31. Rxd6 Rd7 32. Rxd7+ Kxd7 33.
Qxf6 Qe4 34. Qg7+ Kd6 35. Qe5+ Qxe5 36. fxe5+ Kxe5 37. Kf2 Kd4 38. Kf3 Kc4 39.
Kf4 Kb4 40. Kg5 Kxa5 41. h4 Kb6 42. Kh6 a5 43. Kxh7 a4 44. c3 Kc5 45. Kxg6 Kc4
46. h5 Kb3 47. h6 Kxb2 48. h7 a3 49. h8=Q 1-0

[Event "6th Novi Sad it"]
[Site "Novi Sad"]
[Date "1977.10.10"]
[EventDate "1977.10.02"]
[Round "8.2"]
[White "Diesen, Mark"]
[Black "Rakic, Tomislav"]
[Result "1/2-1/2"]
[WhiteElo "2360"]
[BlackElo "2395"]
[PlyCount "109"]
[Source "Perpetual Check"]

1. e4 e6 2. Nc3 d5 3. Nf3 Nf6 4. e5 Ne4 5. Ne2 Bc5 6. d4 Be7 7. Ng3 c5 8. Bd3
Nxg3 9. hxg3 g6 10. Bh6 Nc6 11. Bg7 Rg8 12. Rxh7 cxd4 13. Qd2 Bd7 14. Qf4 g5
15. Qg4 Qa5+ 16. Kf1 O-O-O 17. Nxg5 Be8 18. Qf4 Bxg5 19. Qxg5 Qb6 20. Qc1 Nb4
21. Be2 Kb8 22. Qd2 Rc8 23. c3 d3 24. Bd1 Nc2 25. Rb1 Na3 26. Rc1 Nc4 27. Qxd3
Qxb2 28. Qc2 d4 29. Bh6 Qxc2 30. Bxc2 dxc3 31. Ke2 Ka8 32. Bf4 a5 33. Be4 Nb2
34. Be3 Bb5+ 35. Kf3 Nc4 36. Kf4 Nxe3 37. Kxe3 Rc7 38. Rhh1 Rd8 39. Rhd1 Rxd1
40. Rxd1 Bc4 41. a3 Ka7 42. Rc1 Ba6 43. a4 b5 44. axb5 Bxb5 45. Bd3 Kb6 46.
Bxb5 Kxb5 47. Kd3 Kb4 48. Rb1+ Ka3 49. Kc2 a4 50. f4 Ka2 51. g4 Rc4 52. g3 Rc7
53. Rb6 a3 54. f5 Rc4 55. fxe6 1/2-1/2

[Event "6th Novi Sad it"]
[Site "Novi Sad"]
[Date "1977.10.10"]
[EventDate "1977.10.02"]
[Round "8.4"]
[White "Jovic, Ljubomir"]
[Black "Hernandez Onna, Roman"]
[Result "1/2-1/2"]
[WhiteElo "2325"]
[BlackElo "2435"]
[PlyCount "117"]
[Source "Perpetual Check"]

1. e4 c5 2. Nf3 Nc6 3. d4 cxd4 4. Nxd4 g6 5. Nc3 Bg7 6. Be3 Nf6 7. Bc4 O-O 8.
Bb3 a5 9. f3 d6 10. a4 Bd7 11. Ncb5 Qb8 12. O-O Ne5 13. c4 Rc8 14. Qe2 Be8 15.
Kh1 Ned7 16. Nc3 Nc5 17. Bc2 Bc6 18. Rad1 e5 19. Ndb5 Bxb5 20. Nxb5 Ra6 21. Rd2
Rac6 22. Rfd1 Bf8 23. b3 b6 24. Bg5 Nh5 25. g3 Re8 26. Be3 Qd8 27. Nc3 h6 28.
Qf2 Nf6 29. h4 Kg7 30. g4 Be7 31. Qg3 Nh7 32. Rh2 g5 33. Nd5 gxh4 34. Qf2 Bg5
35. f4 exf4 36. Bd4+ Kg8 37. e5 dxe5 38. Bc3 Rd6 39. Bxh7+ Kxh7 40. Qc2+ e4 41.
b4 axb4 42. Bxb4 Qd7 43. a5 Qxg4 44. Rf1 Rxd5 45. cxd5 Nd3 46. axb6 f3 47. Bd6
Be3 48. b7 Rg8 49. Qd1 Bf4 50. Bxf4 Qxf4 51. d6 Qxd6 52. Qb3 Qf4 53. Qb6 f2 54.
Rhxf2 Nxf2+ 55. Qxf2 Qxf2 56. Rxf2 Rb8 57. Rxf7+ Kg6 58. Re7 Kf5 59. Kg2
1/2-1/2

[Event "6th Novi Sad it"]
[Site "Novi Sad"]
[Date "1977.10.10"]
[EventDate "1977.10.02"]
[Round "8.5"]
[White "Deze, Anton"]
[Black "Petran, Pal"]
[Result "1/2-1/2"]
[WhiteElo "2405"]
[BlackElo "2455"]
[PlyCount "126"]
[Source "Perpetual Check"]

1. d4 Nf6 2. c4 g6 3. Nc3 d5 4. cxd5 Nxd5 5. e4 Nxc3 6. bxc3 Bg7 7. Bc4 c5 8.
Ne2 Nc6 9. Be3 cxd4 10. cxd4 O-O 11. O-O Bg4 12. f3 Na5 13. Bd3 Be6 14. d5 Bxa1
15. Qxa1 f6 16. Rb1 Bd7 17. Bh6 Rf7 18. e5 fxe5 19. Qxe5 Qb8 20. Qxb8+ Rxb8 21.
Bd2 Bf5 22. Bxf5 Rxf5 23. Bxa5 Rxd5 24. Be1 b6 25. Rc1 Rbd8 26. Kf2 Rc5 27.
Rxc5 bxc5 28. Nc3 c4 29. Ke2 Kf7 30. Bd2 Ke6 31. Kd1 Kd6 32. Kc2 Kc6 33. Bg5
Rd7 34. Bd2 Rd3 35. Ne4 Kb5 36. Ng5 Ra3 37. Kb2 Rd3 38. Ne4 Kc6 39. Kc2 Kb5 40.
Nf2 Rd5 41. Nd1 Rd3 42. Bg5 Rd7 43. Nc3+ Kc5 44. Be3+ Kc6 45. h4 a6 46. Ne4 Rd5
47. Bd2 Rd3 48. Bg5 Rd7 49. Kc3 Kd5 50. Bc1 h5 51. Nd2 Rb7 52. Nf1 Rc7 53. Bf4
e5 54. Ne3+ Ke6 55. Bg3 Rc8 56. Bf2 e4 57. f4 Rd8 58. Nxc4 Kf5 59. Be3 Kg4 60.
Ne5+ Kg3 61. Bb6 Rb8 62. Bd4 Rg8 63. Be3 Rd8 1/2-1/2

[Event "6th Novi Sad it"]
[Site "Novi Sad"]
[Date "1977.10.11"]
[EventDate "1977.10.02"]
[Round "9.2"]
[White "Petran, Pal"]
[Black "Bjelajac, Milan"]
[Result "1/2-1/2"]
[WhiteElo "2455"]
[BlackElo "2410"]
[PlyCount "88"]
[Source "Perpetual Check"]

1. d4 f5 2. g3 Nf6 3. Bg2 g6 4. Nf3 Bg7 5. O-O O-O 6. c3 e6 7. Nbd2 Nc6 8. Re1
d5 9. Ng5 e5 10. dxe5 Nxe5 11. Ndf3 Nxf3+ 12. exf3 h6 13. Ne6 Bxe6 14. Rxe6 Qd7
15. Re1 Rfe8 16. Be3 b6 17. Qd3 Rad8 18. Rad1 c6 19. Qc2 Qf7 20. Qa4 c5 21. Bf1
Nh5 22. Bc1 Kh7 23. Bd3 c4 24. Bf1 Rxe1 25. Rxe1 Qd7 26. Qxd7 Rxd7 27. g4 fxg4
28. fxg4 Nf6 29. f3 Kg8 30. h4 Nh7 31. g5 hxg5 32. hxg5 Nf8 33. a4 Kf7 34. Kf2
Ne6 35. Be3 Nc5 36. a5 Bf8 37. axb6 axb6 38. Ra1 Nb3 39. Rd1 b5 40. f4 Bc5 41.
Bg2 d4 42. cxd4 Nxd4 43. Be4 Rd6 44. Ra1 Nb3 1/2-1/2

[Event "6th Novi Sad it"]
[Site "Novi Sad"]
[Date "1977.10.11"]
[EventDate "1977.10.02"]
[Round "9.3"]
[White "Hernandez Onna, Roman"]
[Black "Deze, Anton"]
[Result "1/2-1/2"]
[WhiteElo "2435"]
[BlackElo "2405"]
[PlyCount "58"]
[Source "Perpetual Check"]

1. c4 c5 2. Nc3 g6 3. g3 Bg7 4. Bg2 Nc6 5. Nf3 e5 6. O-O d6 7. a3 Nge7 8. Rb1
a5 9. d3 O-O 10. Ne1 Be6 11. Nd5 Rb8 12. Nc2 b5 13. Nce3 bxc4 14. Nxe7+ Nxe7
15. dxc4 f5 16. Bd2 f4 17. Nd5 Nxd5 18. Bxd5 Bxd5 19. cxd5 Qd7 20. b4 axb4 21.
axb4 cxb4 22. Rxb4 Rxb4 23. Bxb4 Rb8 24. Ba3 Bf8 25. Qc2 Rc8 26. Qe4 Ra8 27.
Bb4 Ra4 28. Rb1 fxg3 29. hxg3 Qf5 1/2-1/2

[Event "6th Novi Sad it"]
[Site "Novi Sad"]
[Date "1977.10.11"]
[EventDate "1977.10.02"]
[Round "9.5"]
[White "Rakic, Tomislav"]
[Black "Baretic, Dragoljub"]
[Result "1-0"]
[WhiteElo "2395"]
[BlackElo "2270"]
[PlyCount "85"]
[Source "Perpetual Check"]

1. d4 Nf6 2. Nf3 d6 3. Nc3 Nbd7 4. Bf4 c5 5. e3 a6 6. a4 Qa5 7. Qd2 cxd4 8.
exd4 e6 9. Bd3 Be7 10. O-O O-O 11. h3 Qc7 12. Nd1 e5 13. Re1 exf4 14. Rxe7 Qd8
15. Re2 Nh5 16. Nc3 Ndf6 17. Ne4 h6 18. Nxf6+ Qxf6 19. Rae1 g5 20. Re8 Bd7 21.
Rxa8 Rxa8 22. Be4 Rb8 23. Qa5 Ng7 24. Qc7 Rd8 25. Qxb7 h5 26. Qd5 g4 27. hxg4
hxg4 28. Qg5 Qxg5 29. Nxg5 Re8 30. Bh7+ Kh8 31. Rxe8+ Nxe8 32. Bd3 Kg7 33. Ne4
f5 34. Nc3 Nc7 35. a5 Kf6 36. Kf1 Bc6 37. Na2 Be4 38. Nb4 Bxd3+ 39. Nxd3 Ne6
40. c3 Kg5 41. d5 Nc7 42. c4 f3 43. g3 1-0

[Event "6th Novi Sad it"]
[Site "Novi Sad"]
[Date "1977.10.11"]
[EventDate "1977.10.02"]
[Round "9.6"]
[White "Ilijic, Milan"]
[Black "Diesen, Mark"]
[Result "1-0"]
[WhiteElo "2340"]
[BlackElo "2360"]
[PlyCount "83"]
[Source "Perpetual Check"]

1. c4 e5 2. g3 Nf6 3. Bg2 d6 4. Nc3 Nbd7 5. Nf3 g6 6. O-O Bg7 7. Rb1 a5 8. a3
O-O 9. b4 axb4 10. axb4 Nh5 11. d4 Nb6 12. dxe5 Nxc4 13. Bg5 Qd7 14. Nd5 dxe5
15. Rc1 b5 16. Ne7+ Kh8 17. Nxe5 Nxe5 18. Bxa8 f6 19. Qxd7 Bxd7 20. Bg2 fxg5
21. Rxc7 Bg4 22. Re1 Re8 23. h3 Be6 24. Rd1 Bc4 25. e3 Bf8 26. Nc6 Nf6 27. Nxe5
Rxe5 28. Rd8 Ne8 29. Rcc8 Bf7 30. Bc6 Be7 31. Bxe8 Bxd8 32. Bxf7 Kg7 33. Rxd8
Kxf7 34. Rd4 Ke6 35. Kf1 Rf5 36. Ke2 Rf7 37. Rd8 Rb7 38. Kd3 Rf7 39. Ke2 Ra7
40. Rb8 Ra2+ 41. Kf3 h5 42. Rb6+ 1-0

[Event "6th Novi Sad it"]
[Site "Novi Sad"]
[Date "1977.10.12"]
[EventDate "1977.10.02"]
[Round "10.1"]
[White "Rajna, Gyorgy"]
[Black "Diesen, Mark"]
[Result "1/2-1/2"]
[WhiteElo "2395"]
[BlackElo "2360"]
[PlyCount "20"]
[Source "Perpetual Check"]

1. e4 c5 2. Nf3 d6 3. Bb5+ Bd7 4. Qe2 Bxb5 5. Qxb5+ Qd7 6. Qxd7+ Nxd7 7. Nc3 a6
8. d3 Ngf6 9. Bg5 e6 10. O-O-O Be7 1/2-1/2

[Event "6th Novi Sad it"]
[Site "Novi Sad"]
[Date "1977.10.12"]
[EventDate "1977.10.02"]
[Round "10.2"]
[White "Baretic, Dragoljub"]
[Black "Ilijic, Milan"]
[Result "1-0"]
[WhiteElo "2270"]
[BlackElo "2340"]
[PlyCount "144"]
[Source "Perpetual Check"]

1. e4 d6 2. d4 Nf6 3. Nc3 g6 4. Bg5 Bg7 5. e5 Nfd7 6. f4 f6 7. exf6 exf6 8. Bh4
c6 9. Nf3 O-O 10. Be2 Qb6 11. a3 d5 12. O-O f5 13. Kh1 Nf6 14. Ne5 Nbd7 15. Qd3
Ne4 16. Na4 Qc7 17. c4 Nxe5 18. dxe5 Be6 19. cxd5 Bxd5 20. Nc3 Nxc3 21. Qxc3
Qf7 22. Bf3 Bb3 23. Rfe1 Rfe8 24. Re3 Be6 25. Rd1 Bh6 26. g3 Bf8 27. Red3 Rac8
28. Qa5 b6 29. Qa4 Qc7 30. Rc3 b5 31. Qa6 Bd7 32. Rdc1 Qb6 33. Qxb6 axb6 34.
Bxc6 Bxc6+ 35. Rxc6 Rxc6 36. Rxc6 Bc5 37. b4 Bd4 38. Rd6 Be3 39. Bd8 Bc1 40.
Bxb6 g5 41. Rf6 gxf4 42. Rxf5 fxg3 43. hxg3 Bxa3 44. Bc5 Bb2 45. Bd6 Kg7 46.
Kg2 Kg6 47. g4 Rc8 48. e6 Re8 49. e7 Bf6 50. Rxb5 Bxe7 51. Bxe7 Rxe7 52. Kf3
Re1 53. Rd5 Rb1 54. Rd4 Kg5 55. Ke3 Rb3+ 56. Kd2 h5 57. gxh5 Kxh5 58. Kc2 Re3
59. Rd3 Re8 60. Kb3 Rb8 61. Rd5+ Kg6 62. b5 Kf6 63. Kb4 Ke6 64. Rd3 Ke7 65. Ka5
Ra8+ 66. Kb6 Ra1 67. Rd5 Rb1 68. Kc6 Rc1+ 69. Rc5 Rb1 70. b6 Kd8 71. b7 Rb2 72.
Rd5+ Ke7 1-0

[Event "6th Novi Sad it"]
[Site "Novi Sad"]
[Date "1977.10.12"]
[EventDate "1977.10.02"]
[Round "10.3"]
[White "Jovic, Ljubomir"]
[Black "Rakic, Tomislav"]
[Result "1-0"]
[WhiteElo "2325"]
[BlackElo "2395"]
[PlyCount "187"]
[Source "Perpetual Check"]

1. e4 g6 2. d4 Bg7 3. Nc3 c6 4. Nf3 d6 5. Be2 Nf6 6. O-O Bg4 7. Ng5 Bxe2 8.
Qxe2 e5 9. f4 Nbd7 10. dxe5 dxe5 11. f5 Qe7 12. a3 h6 13. Nh3 a5 14. Be3 b5 15.
Kh1 h5 16. Bg5 O-O 17. Rae1 b4 18. Nb1 Rab8 19. c3 Qc5 20. Be3 Qb5 21. c4 Qb7
22. Nd2 bxa3 23. bxa3 Qa6 24. Qd3 a4 25. Ng5 Rfe8 26. h3 Bf8 27. g4 hxg4 28.
hxg4 c5 29. Qe2 Qc6 30. Qf3 Bg7 31. Nh3 Rb2 32. Bg5 Kf8 33. Re2 Ke7 34. Rd1 Rh8
35. Kg2 Kf8 36. Rf2 Ke8 37. Ng1 Nh7 38. Be3 g5 39. Nf1 Rxf2+ 40. Bxf2 f6 41.
Rb1 Kf7 42. Qd3 Rb8 43. Rxb8 Nxb8 44. Ne3 Nf8 45. Qd5+ Qxd5 46. Nxd5 Nfd7 47.
Ne2 Nc6 48. Nec3 Na5 49. Nxa4 Bf8 50. Nab6 Nxb6 51. Nxb6 Be7 52. Be1 Nb7 53. a4
Bd8 54. Nd5 Kg7 55. Kf3 Kf7 56. Ke2 Kg7 57. Kd3 Kf7 58. Bc3 Kg7 59. Ne3 Kf7 60.
Nf1 Ke7 61. Nd2 Kd6 62. Nb3 Bb6 63. a5 Ba7 64. Na1 Kc6 65. Nc2 Nd6 66. Ne3 Ne8
67. Nd5 Kb7 68. Bd2 Ka6 69. Kc2 Kb7 70. Kb3 Ka6 71. Be1 Kb7 72. Bd2 Ka6 73. Kc2
Kb7 74. Kd3 Bb8 75. Nb6 Ba7 76. Na4 Nc7 77. Be3 Kc6 78. Nc3 Bb8 79. Nd5 Ne8 80.
Ne7+ Kd6 81. Nc8+ Kc7 82. Nb6 Kc6 83. Nd5 Ba7 84. a6 Bb8 85. Bd2 Bc7 86. Bc3
Bd6 87. Bb2 Bc7 88. Ba3 Bb8 89. Bc1 Ba7 90. Bd2 Bb6 91. Ke2 Bd8 92. Be3 Nd6 93.
a7 Kb7 94. Kd3 1-0

[Event "6th Novi Sad it"]
[Site "Novi Sad"]
[Date "1977.10.12"]
[EventDate "1977.10.02"]
[Round "10.6"]
[White "Popovic, Petar"]
[Black "Petran, Pal"]
[Result "1-0"]
[WhiteElo "2385"]
[BlackElo "2455"]
[PlyCount "80"]
[Source "Perpetual Check"]

1. e4 c5 2. Nf3 d6 3. Nc3 Nf6 4. e5 dxe5 5. Nxe5 e6 6. Be2 Be7 7. O-O O-O 8.
Bf3 Nfd7 9. Qe2 Qc7 10. Nxd7 Qxd7 11. Qb5 Qc7 12. Ne2 a6 13. Qa4 c4 14. c3 Rd8
15. Re1 Nd7 16. Nd4 Ne5 17. Be2 Bc5 18. b4 Ba7 19. Qc2 b5 20. d3 cxd3 21. Bxd3
Nxd3 22. Qxd3 Bb7 23. Qh3 Rac8 24. Be3 Bb8 25. Rac1 Rd5 26. Nb3 g6 27. f4 Rh5
28. Qg3 Bd5 29. Nc5 Qc6 30. Rc2 e5 31. Rf1 a5 32. h3 Re8 33. f5 Bc4 34. Rff2 e4
35. Qg4 a4 36. Rcd2 Ba7 37. Rf4 Bxc5 38. bxc5 Bd3 39. Rdf2 Re7 40. fxg6 Qxg6
1-0

[Event "6th Novi Sad it"]
[Site "Novi Sad"]
[Date "1977.10.14"]
[EventDate "1977.10.02"]
[Round "11.2"]
[White "Hernandez Onna, Roman"]
[Black "Popovic, Petar"]
[Result "1-0"]
[WhiteElo "2435"]
[BlackElo "2385"]
[PlyCount "81"]
[Source "Perpetual Check"]

1. c4 Nf6 2. Nc3 c5 3. g3 e6 4. Nf3 Be7 5. Bg2 O-O 6. O-O a6 7. d4 cxd4 8. Nxd4
Qc7 9. Be3 Qxc4 10. Na4 Qb4 11. a3 Qa5 12. b4 Qd8 13. Nf5 exf5 14. Nb6 Ng4 15.
Bd4 Nc6 16. Nxa8 Nxd4 17. Qxd4 Bf6 18. Qb6 Bxa1 19. Rxa1 Qe7 20. e3 d6 21. Rd1
Rd8 22. Nc7 Nf6 23. Nd5 Nxd5 24. Bxd5 f4 25. exf4 Re8 26. h4 Bg4 27. Rc1 Rc8
28. Rxc8+ Bxc8 29. a4 g6 30. Kg2 Qd7 31. a5 h5 32. f5 Qxf5 33. Bxb7 Bxb7+ 34.
Qxb7 d5 35. Qxa6 Qe4+ 36. Kh2 d4 37. Qc8+ Kg7 38. Qd8 d3 39. a6 Qf3 40. Qd4+
Kh7 41. a7 1-0

[Event "6th Novi Sad it"]
[Site "Novi Sad"]
[Date "1977.10.14"]
[EventDate "1977.10.02"]
[Round "11.4"]
[White "Rakic, Tomislav"]
[Black "Deze, Anton"]
[Result "1-0"]
[WhiteElo "2395"]
[BlackElo "2405"]
[PlyCount "79"]
[Source "Perpetual Check"]

1. d4 Nf6 2. Nf3 c5 3. d5 b5 4. Bg5 Qb6 5. e3 Bb7 6. c4 g6 7. Nc3 Bg7 8. Nd2 b4
9. Na4 Qc7 10. e4 d6 11. Bd3 O-O 12. O-O e5 13. dxe6 fxe6 14. e5 dxe5 15. Bxf6
Bxf6 16. Be4 Nd7 17. Qg4 Rae8 18. Rad1 Bg7 19. Qh3 Bc6 20. Bxc6 Qxc6 21. b3 Nb6
22. Nxb6 axb6 23. f3 Qa8 24. Ne4 Qxa2 25. Rd3 b5 26. Ng5 h6 27. Nxe6 bxc4 28.
Rd7 Rf7 29. Rxf7 Kxf7 30. Nxg7 Re7 31. Qxh6 Qxb3 32. Qh7 Qe3+ 33. Kh1 Kf6 34.
f4 exf4 35. Qh6 Re4 36. Nh5+ Ke7 37. Qg7+ Kd6 38. Qf8+ Kc6 39. Qc8+ Kb6 40. Nf6
1-0

[Event "6th Novi Sad it"]
[Site "Novi Sad"]
[Date "1977.10.14"]
[EventDate "1977.10.02"]
[Round "11.5"]
[White "Ilijic, Milan"]
[Black "Jovic, Ljubomir"]
[Result "0-1"]
[WhiteElo "2340"]
[BlackElo "2325"]
[PlyCount "80"]
[Source "Perpetual Check"]

1. c4 e6 2. g3 d5 3. Bg2 c6 4. Nf3 Nd7 5. b3 Ngf6 6. Bb2 b5 7. O-O bxc4 8. bxc4
Qb6 9. Bc3 Ne4 10. Bd4 c5 11. d3 cxd4 12. dxe4 dxc4 13. Qxd4 Ba6 14. Nc3 Qxd4
15. Nxd4 Bc5 16. Rfd1 Rc8 17. Kf1 Ne5 18. h3 g5 19. f4 gxf4 20. gxf4 Nd3 21.
Ndb5 Nxf4 22. Nd6+ Ke7 23. Nxc8+ Bxc8 24. e3 Bxe3 25. Rab1 Rg8 26. Rb2 Bb6 27.
a4 Rg3 28. Nb5 e5 29. Nd6 Bxh3 30. Nf5+ Bxf5 31. exf5 c3 32. Rc2 Bd4 33. Rb1 h5
34. Rb4 h4 35. Rxd4 exd4 36. Be4 Kf6 37. a5 Ke5 38. Bc6 Nd5 39. Kf2 d3 40. Rc1
d2 0-1

[Event "6th Novi Sad it"]
[Site "Novi Sad"]
[Date "1977.10.14"]
[EventDate "1977.10.02"]
[Round "11.6"]
[White "Diesen, Mark"]
[Black "Baretic, Dragoljub"]
[Result "1-0"]
[WhiteElo "2360"]
[BlackElo "2270"]
[PlyCount "95"]
[Source "Perpetual Check"]

1. d4 Nf6 2. c4 e6 3. Nf3 Bb4+ 4. Nc3 c5 5. e3 O-O 6. Bd3 b6 7. O-O Bb7 8. Na4
cxd4 9. exd4 Be7 10. Re1 d6 11. Bg5 Nbd7 12. Rc1 Re8 13. a3 Qc7 14. b4 Rac8 15.
d5 e5 16. Nc3 Qd8 17. Bd2 Bf8 18. Bf1 Ra8 19. g3 a5 20. Bh3 axb4 21. axb4 Qb8
22. Ng5 Bc8 23. Qf3 Ra3 24. Ra1 e4 25. Qf4 Rxa1 26. Rxa1 Ne5 27. Bf1 Ng6 28.
Qe3 Ng4 29. Qd4 Nh6 30. Ncxe4 Nf5 31. Qd3 Ne5 32. Qc3 h6 33. Nf3 Ng4 34. Re1 g6
35. h3 Bg7 36. Qd3 Ne5 37. Nxe5 dxe5 38. Bc3 Rd8 39. Kg2 Ba6 40. f4 Qc7 41. b5
Bc8 42. fxe5 Bxe5 43. g4 Ng7 44. Nf6+ Bxf6 45. Bxf6 Re8 46. Rxe8+ Nxe8 47. Bd4
Nd6 48. Qe3 1-0